00580 a2200169 4500020001100000035001300011037004700024082001100071090001500082100001600097245005700113260005000170300002700220942002400247999001500271952012400286 c185.00 aB-110529 bRP-ZLS-2292 / PANSY-05-06:9 / RP-05-06:ENG14a530.11 c3163d31631 aBajaj, N.K.1 aThe physics of wawes and oscillationscby N.K. Bajaj aNew DelhibTata McGraw Hill Publishingc2004r axi, 432 pc23 cm (pbk) adpcENk530.1 / BAJ c3101d3101 00102ddc407-18NFICaZLSbZLSg185.00l0o530.11 BAJpB-110529r2008-09-15 00:00:00t1u3299v185.00w2008-09-15yEN